• 首页
  • 本馆介绍
  • 公告通知
  • 最新文献
  • 馆藏检索
  • 电子资源
  • 读者导购
  • 参考咨询
  • 我的图书馆
  • 登录
  • 详细信息显示
  • 放入我的书架
  • 预约/预借图书
  • 作者相关作品
  • 分类相关作品
  • 丛书相关作品
  • 出版社相关作品

书目信息

  • 表格格式
  • 工作单格式
  • 卡片格式
题名:
中国现代电影理论史
    
 
作者: 郦苏元 著
分册:  
出版信息: 北京   文化艺术出版社  2005
页数: 391页
开本: 20cm
丛书名:
单 册:
中图分类: J909.2
科图分类:
主题词: 电影 , 电视--艺术
电子资源:
ISBN: 7-5039-2598-1
000 00574nam0 2200205 450
001 0636962999
005 20061226101855.01
010    @a7-5039-2598-1@dCNY35.00
100    @a20061226d2005 km y0chiy0120 ea
101 0  @achi
102    @aCN@b110000
200 1  @a中国现代电影理论史@Azhong guo xian dai dian ying li lun shi@f郦苏元著@Fli su yuan zhu
210    @a北京@c文化艺术出版社@d2005
215    @a391页@d20cm
606 0  @a电影
606 0  @a电视@x艺术
690    @aJ909.2@v3
701  0 @a郦苏元@Ali su yuan@4著
801  0 @aCN@bPFT@c20061226
905    @a10447@dJ909.2@e177
    
    中国现代电影理论史/郦苏元著.-北京:文化艺术出版社,2005
    391页;20cm
    
    
    ISBN 7-5039-2598-1:CNY35.00
    
●
相关链接 在E读中查询图书 在五车中查询图书 在当当中查询图书 在豆瓣中查询图书


正题名:中国现代电影理论史     索取号:J909.2/177         预约/预借

序号 登录号 条形码 馆藏地/架位号 状态 备注
1 0603127   206031275   第一样本阅览室/ [索取号:J909.2/177] 在馆    
2 0603128   206031284   第一借阅区/ [索取号:J909.2/177] 在馆    
3 0603129   206031293   第一借阅区/ [索取号:J909.2/177] 在馆    
4 0603130   206031300   第一借阅区/ [索取号:J909.2/177] 在馆    
5 0603131   206031319   第一借阅区/ [索取号:J909.2/177] 在馆    
唐山师范学院图书馆 欢迎您!
大连网信软件有限公司© 版权所有